Statistics for Country By Painting

Click here to take the quiz!

General Stats

  • This quiz has been taken 362 times
  • The average score is 10 of 18

Answer Stats

Answer % Correct
United States
94%
Netherlands
93%
Italy
92%
Japan
85%
France
82%
China
78%
Netherlands
77%
Norway
68%
Russia
67%
Poland
54%
Germany
52%
United Kingdom
47%
Germany
29%
Sweden
28%
Russia
12%
Greece
6%
Finland
5%
Iran
4%

Score Distribution

Percentile by Number Answered

Percent of People with Each Score

Your Score History

You have not taken this quiz